Municipalities of Extremadura (with a map) - Statistics

General Stats
  • This quiz has been taken 435 times
    383 since last reset
  • The average score is 98 of 383
Answers on the Map
Answers color-coded by a green-red scale on the quiz's map according to % correct below.
 
Answer Stats
Municipality % Correct
Cáceres
97%
Badajoz
96%
Mérida
92%
Plasencia
84%
Villa del Campo
83%
Villa del Rey
83%
Trujillo
79%
Don Benito
78%
Almendral
72%
Villanueva de la Serena
72%
Villanueva de la Sierra
72%
Villanueva de la Vera
72%
Villanueva del Fresno
72%
Zafra
68%
Valle de la Serena
66%
Valle de Matamoros
66%
Valle de Santa Ana
66%
Coria
64%
Navalmoral de la Mata
64%
Olivenza
64%
Jerez de los Caballeros
62%
Torre de Don Miguel
62%
Torre de Santa María
62%
Guadalupe
61%
Malpartida de Cáceres
61%
Malpartida de la Serena
61%
Malpartida de Plasencia
61%
Almendralejo
60%
Jaraíz de la Vera
60%
Hervás
57%
Montijo
55%
Miajadas
54%
Valencia de Alcántara
54%
Valencia de las Torres
54%
Valencia del Mombuey
54%
Valencia del Ventoso
54%
Jerte
53%
Alburquerque
52%
Cabeza del Buey
52%
Cabeza la Vaca
52%
Casas de Don Antonio
50%
Casas de Don Pedro
50%
Casas del Castañar
50%
Casas del Monte
50%
Casas de Reina
50%
Valverde de Burguillos
50%
Valverde de la Vera
50%
Valverde de Leganés
50%
Valverde del Fresno
50%
Valverde de Llerena
50%
Valverde de Mérida
50%
Azuaga
49%
Casar de Cáceres
48%
Casar del Palomero
48%
Puebla de Alcocer
47%
Puebla de la Calzada
47%
Puebla de la Reina
47%
Puebla del Maestre
47%
Puebla del Prior
47%
Puebla de Obando
47%
Puebla de Sancho Pérez
47%
Villafranca de los Barros
47%
Zarza de Granadilla
47%
Zarza de Montánchez
47%
Zarza la Mayor
47%
Alcántara
46%
Arroyo de la Luz
46%
Arroyo de San Serván
46%
Llerena
46%
Talavera la Real
46%
Jarandilla de la Vera
45%
Villar del Pedroso
45%
Villar del Rey
45%
Villar de Plasencia
45%
Villar de Rena
45%
Fuente de Cantos
42%
Fuente del Arco
42%
Fuente del Maestre
42%
Oliva de la Frontera
42%
Oliva de Mérida
42%
Oliva de Plasencia
42%
Castuera
41%
Aldea del Cano
38%
Herrera de Alcántara
37%
Herrera del Duque
37%
Orellana de la Sierra
37%
Orellana la Vieja
37%
Aceuchal
36%
Campanario
36%
Gata
36%
Medellín
36%
Montehermoso
35%
Moraleja
35%
Cuacos de Yuste
34%
Montánchez
33%
Pinofranqueado
33%
San Martín de Trevejo
33%
Santa Marta
33%
Talayuela
33%
Baños de Montemayor
32%
Cabezuela del Valle
32%
Fregenal de la Sierra
32%
Los Santos de Maimona
32%
Madrigal de la Vera
32%
Piornal
32%
Guareña
31%
San Vicente de Alcántara
31%
Logrosán
30%
Sierra de Fuentes
30%
Alange
29%
Almaraz
29%
Navalvillar de Ibor
29%
Navalvillar de Pela
29%
Talarrubias
29%
Aceituna
28%
Barcarrota
28%
Guijo de Coria
28%
Guijo de Galisteo
28%
Guijo de Santa Bárbara
28%
Losar de la Vera
28%
Puerto de Santa Cruz
28%
Aliseda
27%
Brozas
27%
Calamonte
27%
Cañamero
27%
Cañaveral
27%
Higuera
27%
Higuera de la Serena
27%
Higuera de Llerena
27%
Higuera de Vargas
27%
Higuera la Real
27%
Calzadilla
26%
Calzadilla de los Barros
26%
Caminomorisco
26%
Zalamea de la Serena
26%
Aldeanueva de la Vera
25%
Aldeanueva del Camino
25%
Navaconcejo
25%
Quintana de la Serena
25%
San Pedro de Mérida
25%
Torrejón el Rubio
25%
Zorita
25%
Feria
24%
La Albuera
24%
La Roca de la sierra
24%
Robledillo de Gata
24%
Robledillo de Trujillo
24%
Santa Amalia
24%
Segura de León
24%
Segura de Toro
24%
Alconchel
23%
Lobón
23%
Navas del Madroño
23%
Torremocha
23%
Torrequemada
23%
Trujillanos
23%
Bienvenida
22%
Ceclavín
22%
El Gordo
22%
Hoyos
22%
Santiago de Alcántara
22%
Santiago del Campo
22%
Ahigal
21%
Bohonal de Ibor
21%
Burguillos del Cerro
21%
Deleitosa
21%
Galisteo
21%
Garrovillas de Alconétar
21%
La Codosera
21%
La Zarza
21%
Majadas
21%
Perales del Puerto
21%
Riolobos
21%
Romangordo
21%
Serradilla
21%
Alía
20%
Carcaboso
20%
Cheles
20%
Gargantilla
20%
Gargantilla de la Olla
20%
La Haba
20%
Peraleda de la Mata
20%
Peraleda del Zaucejo
20%
Peraleda de San Román
20%
Salvatierra de los Barros
20%
Salvatierra de Santiago
20%
Siruela
20%
Torremejía
20%
Torreorgaz
20%
Acebo
19%
Arroyomolinos
19%
Arroyomolinos de la Vera
19%
Mirabel
19%
Pozuelo de Zarzón
19%
Almoharín
18%
Berlanga
18%
Cedillo
18%
Cilleros
18%
Eljas
18%
Herreruela
18%
La Garrovilla
18%
Madrigalejo
18%
Monroy
18%
Monterrubio de la Serena
18%
Nuñomoral
18%
Pueblonuevo del Guadiana
18%
Ribera del Fresno
18%
Santa Ana
18%
Solana de los Barros
18%
Tornavacas
18%
Torrecilla de los Ángeles
18%
Torrejoncillo
18%
Valdecaballeros
18%
Zahínos
18%
Acehúche
17%
Benquerencia
17%
Benquerencia de la Serena
17%
Castilblanco
17%
El Torno
17%
Helechosa de los Montes
17%
Hinojosa del Valle
17%
La Granja
17%
Madroñera
17%
Malcocinado
17%
Plasenzuela
17%
Santa Cruz de la Sierra
17%
Santa Cruz de Paniagua
17%
Valdelacalzada
17%
Abadía
16%
Descargamaría
16%
Fuenlabrada de los Montes
16%
Garbayuela
16%
Jaraicejo
16%
Usagre
16%
Acedera
15%
Aljucén
15%
Belvis de Monroy
15%
Berzocana
15%
Calera de León
15%
Casares de las Urdes
15%
Castañar de Ibor
15%
Cordobilla de Lácara
15%
Corte de Peleas
15%
Don Álvaro
15%
Esparragosa de Lares
15%
Esparragosa de la Serena
15%
Granja de Torrehermosa
15%
Hinojal
15%
La Coronada
15%
La Nava de Santiago
15%
Magacela
15%
Peñalsordo
15%
Santibáñez el Alto
15%
Santibáñez el Bajo
15%
Bodonal de la Sierra
14%
Cabezabellosa
14%
Campillo de Deleitosa
14%
Campillo de Llerena
14%
Casillas de Coria
14%
Esparragalejo
14%
Garlitos
14%
Jarilla
14%
Mata de Alcántara
14%
Salvaleón
14%
Villamiel
14%
Ahillones
13%
Barrado
13%
Cadalso
13%
Carmonita
13%
Cristina
13%
Ladrillar
13%
La Parra
13%
La Pesga
13%
Membrío
13%
Montemolín
13%
Morcillo
13%
Palomas
13%
Rena
13%
Casas de Millán
12%
Casatejada
12%
Herguijuela
12%
La Cumbre
12%
La Garganta
12%
Mirandilla
12%
Nogales
12%
Pasarón de la Vera
12%
Reina
12%
Salorino
12%
Talaván
12%
Táliga
12%
Abertura
11%
Albalá
11%
Alcollarín
11%
Alconera
11%
Aldehuela de Jerte
11%
Cachorrilla
11%
Capilla
11%
Carbajo
11%
Hernán-Pérez
11%
Ibahernando
11%
La Morera
11%
Medina de las Torres
11%
Mengabril
11%
Piedras Albas
11%
Santa María de Magasca
11%
Talaveruela de la Vera
11%
Valdefuentes
11%
Valdeobispo
11%
Villagonzalo
11%
Villalba de los Barros
11%
Villarta de los Montes
11%
Villasbuenas de Gata
11%
Zarza-Capilla
11%
Aldeacentenera
10%
Baterno
10%
Botija
10%
Cabañas del Castillo
10%
Campo Lugar
10%
Conquista de la Sierra
10%
Entrín Bajo
10%
Garcíaz
10%
Holguera
10%
La Aldea del Obispo
10%
Maguilla
10%
Mohedas de Granadilla
10%
Palomero
10%
Torrecillas de la Tiesa
10%
Villagarcía de la Torre
10%
Casas de Don Gómez
9%
Collado de la Vera
9%
Escurial
9%
Gargüera
9%
Llera
9%
Portaje
9%
Rosalejo
9%
Saucedilla
9%
Torre de Miguel Sesmero
9%
Torremayor
9%
Trasierra
9%
Villamesías
9%
Fuentes de León
8%
Huélaga
8%
La Lapa
8%
Manchita
8%
Rebollar
8%
Serrejón
8%
Toril
8%
Viandar de la Vera
8%
Atalaya
7%
Cabrero
7%
Carrascalejo
7%
Casas de Miravete
7%
Cerezo
7%
Fresnedoso de Ibor
7%
Garvín
7%
Homachos
7%
Pescueza
7%
Portezuelo
7%
Retamal de Llerena
7%
Robledollano
7%
Ruanes
7%
Torremenga
7%
Valdastillas
7%
El Carrascalejo
6%
Marchagaz
6%
Pedroso de Acim
6%
Risco
6%
Valdecañas de Tajo
6%
Valdemorales
6%
Valdetorres
6%
Aluéscar
5%
Berrocalejo
5%
Mesas de Ibor
5%
Millanes
5%
Robledillo de la Vera
5%
Monteserio
4%
Navazuelas
4%
Tarmuejo
4%
Tejada del Tiétar
4%
Valdelacasa de Tajo
4%
Sacti Spiritus
3%
Valdehúncar
3%
Gujio de Granadilla
1%
No matching quizzes found
Score Distribution
Percent of People with Each Score
Percentile by Number Answered
Your Score History
You have not taken this quiz since the last reset